[Event "CZE-ch Seniors 50"]
[Site "Olomouc"]
[Date "2023.08.13"]
[Round "2"]
[White "Petras, Milan"]
[Black "Wiley, Tom E"]
[Result "1/2-1/2"]
[WhiteElo "1924"]
[BlackElo "2146"]
[PlyCount "62"]
[EventDate "2023.08.12"]
[EventType "swiss"]
[EventRounds "9"]
[EventCountry "CZE"]
[SourceTitle "EXT 2024"]
[Source "ChessBase"]
[SourceDate "2023.10.10"]
[SourceVersion "1"]
[SourceVersionDate "2023.10.10"]
[SourceQuality "1"]

1. e4 Nf6 2. Nc3 d5 3. e5 Nfd7 4. d4 c5 5. dxc5 e6 6. f4 Bxc5 7. Nf3 Nc6 8. Bd3 h6 9. Qe2 Nb6 10. Bd2 Bd7 11. 0-0-0 a6 12. Be1 Qc7 13. Bh4 Nd4 14. Qf1 Na4 15. Nxa4 Bxa4 16. Nxd4 Bxd4 17. Bf2 Bxf2 18. Qxf2 0-0 19. Qd4 Bb5 20. Rhe1 Bxd3 21. Qxd3 Rac8 22. f5 Qc4 23. Qxc4 Rxc4 24. b3 Rf4 25. Rf1 Rxf1 26. Rxf1 exf5 27. Rd1 Re8 28. Rxd5 Re7 29. c4 g5 30. Kd2 Kg7 31. b4 f4 1/2-1/2

[Event "Klatovy op-C 29th"]
[Site "Klatovy"]
[Date "2023.07.07"]
[Round "7"]
[White "Petras, Milan"]
[Black "Turner, Radek"]
[Result "0-1"]
[WhiteElo "1866"]
[BlackElo "1991"]
[PlyCount "100"]
[EventDate "2023.07.01"]
[EventType "swiss"]
[EventRounds "9"]
[EventCountry "CZE"]
[SourceTitle "CBM 215 Extra"]
[Source "ChessBase"]
[SourceDate "2023.09.30"]
[SourceVersion "1"]
[SourceVersionDate "2023.09.30"]
[SourceQuality "1"]

1. e4 g6 2. g3 Bg7 3. Bg2 d6 4. d4 Nf6 5. c4 c5 6. d5 0-0 7. Nc3 Na6 8. Nge2 Nc7 9. a4 Rb8 10. 0-0 a6 11. f4 b5 12. axb5 axb5 13. cxb5 Nxb5 14. Kh1 Bg4 15. Bf3 Nxc3 16. Nxc3 Bxf3+ 17. Rxf3 Nd7 18. Qe2 Ra8 19. Na4 Qa5 20. Bd2 Qa6 21. Qxa6 Rxa6 22. Rfa3 Rfa8 23. Bc3 Nf6 24. Nb6 Rxa3 25. Rxa3 Rb8 26. Bxf6 Bxf6 27. Nd7 Bxb2 28. Ra7 Rd8 29. e5 dxe5 30. fxe5 Bd4 31. Rc7 Ra8 32. e6 fxe6 33. dxe6 Ra6 34. Rc8+ Kg7 35. Nf8 Rd6 36. Re8 Bf6 37. Rc8 c4 38. Nd7 Rd4 39. Kg2 g5 40. h3 h5 41. Kf3 Rd3+ 42. Kg2 c3 43. g4 hxg4 44. hxg4 Rd2+ 45. Kh3 c2 46. Rf8 c1Q 47. Rf7+ Kh8 48. Rf8+ Kh7 49. Rf7+ Bg7 50. Nf8+ Kh6 0-1

[Event "Klatovy op-C 29th"]
[Site "Klatovy"]
[Date "2023.07.04"]
[Round "4"]
[White "Vachal, Josef1111"]
[Black "Petras, Milan"]
[Result "1/2-1/2"]
[WhiteElo "1762"]
[BlackElo "1866"]
[PlyCount "42"]
[EventDate "2023.07.01"]
[EventType "swiss"]
[EventRounds "9"]
[EventCountry "CZE"]
[SourceTitle "CBM 215 Extra"]
[Source "ChessBase"]
[SourceDate "2023.09.30"]
[SourceVersion "1"]
[SourceVersionDate "2023.09.30"]
[SourceQuality "1"]

1. d4 g6 2. Nf3 Bg7 3. c4 d6 4. Nc3 Nd7 5. g3 Ngf6 6. Bg2 0-0 7. 0-0 e5 8. Qc2 exd4 9. Nxd4 Re8 10. e3 a5 11. b3 Nc5 12. Bb2 Ne6 13. Nxe6 fxe6 14. Rad1 Qe7 15. Rd2 Rb8 16. e4 Bh6 17. Re2 e5 18. Bc1 Bxc1 19. Qxc1 Bd7 20. Rd1 b6 21. Rc2 Rbc8 1/2-1/2

[Event "Mittelfrank Regionalliga Nord-Ost 2223"]
[Site "Mittelfranken"]
[Date "2023.02.05"]
[Round "6.3"]
[White "Petras, Milan"]
[Black "Bachhuber, Dominik"]
[Result "1/2-1/2"]
[WhiteElo "1888"]
[BlackElo "1992"]
[PlyCount "80"]
[EventDate "2022.10.09"]
[EventType "team-tourn"]
[EventRounds "9"]
[EventCountry "GER"]
[SourceTitle "EXT 2024"]
[Source "ChessBase"]
[SourceDate "2023.10.10"]
[SourceVersion "1"]
[SourceVersionDate "2023.10.10"]
[SourceQuality "1"]
[WhiteTeam "Heng Postbauer"]
[BlackTeam "Nuernberg Jaeklechemie"]
[WhiteTeamCountry "GER"]
[BlackTeamCountry "GER"]

1. e4 c5 2. c3 Nf6 3. e5 Nd5 4. d4 cxd4 5. cxd4 d6 6. Nf3 Nc6 7. Nc3 Nxc3 8. bxc3 dxe5 9. d5 e4 10. dxc6 Qxd1+ 11. Kxd1 exf3 12. Bb5 b6 13. gxf3 a6 14. Bd3 e5 15. Re1 Bd6 16. f4 Bg4+ 17. Kc2 0-0 18. fxe5 Bc7 19. Ba3 Rfd8 20. Be4 Bxe5 21. Bxh7+ Kxh7 22. Rxe5 Rac8 23. Rg1 Be6 24. Rh5+ Kg8 25. Rhg5 g6 26. Be7 Rd5 27. h4 Bf5+ 28. Kb2 Rd2+ 29. Ka1 Rxf2 30. Bf6 Rxc6 31. Bd4 Rf4 32. h5 f6 33. R5g2 g5 34. Rh2 Kh7 35. Re1 Re4 36. Rf1 Rf4 37. Rxf4 gxf4 38. Rf2 Bg4 39. Rxf4 f5 40. Rf1 Re6 1/2-1/2

[Event "Prague Golden 65+ op 17th"]
[Site "Prague"]
[Date "2022.07.16"]
[Round "8"]
[White "Plasek, Zdenek"]
[Black "Petras, Milan"]
[Result "1-0"]
[WhiteElo "1925"]
[BlackElo "1868"]
[PlyCount "156"]
[EventDate "2022.07.09"]
[EventType "swiss"]
[EventRounds "9"]
[EventCountry "CZE"]
[SourceTitle "CBM 209 Extra"]
[Source "ChessBase"]
[SourceDate "2022.09.30"]
[SourceVersion "1"]
[SourceVersionDate "2022.09.30"]
[SourceQuality "1"]

1. d4 d5 2. Bf4 c5 3. e3 Nc6 4. c3 cxd4 5. exd4 f6 6. Bd3 e5 7. dxe5 fxe5 8. Qh5+ g6 9. Bxg6+ hxg6 10. Qxg6+ Kd7 11. Bg3 Qf6 12. Qd3 Nge7 13. Nd2 Ke8 14. Ne2 Be6 15. 0-0 Bh6 16. f4 e4 17. Qb5 Bg4 18. Rae1 Kf7 19. Nb3 b6 20. Bf2 Bd7 21. c4 a6 22. Qxb6 dxc4 23. Nbd4 Rhb8 24. Qc5 Nb4 25. Qxc4+ Kf8 26. f5 Bb5 27. Nxb5 Rxb5 28. Qxe4 Re8 29. Bd4 Qf7 30. Bc3 Ned5 31. Qh4 Be3+ 32. Kh1 Nxc3 33. Nxc3 Nd3 34. Rxe3 Rxe3 35. Qh6+ Kg8 36. Qxe3 Rxf5 37. Qg3+ Kf8 38. Rxf5 Qxf5 39. Qf3 Qxf3 40. gxf3 Nxb2 41. h4 Kg7 42. Kh2 Kg6 43. Kg3 Kf5 44. Kf2 Nd3+ 45. Kg3 Nf4 46. Ne4 Nd3 47. Nd2 a5 48. Nc4 a4 49. a3 Ne1 50. Nd6+ Kf6 51. Kg4 Nc2 52. Nc4 Ne1 53. h5 Nd3 54. f4 Ne1 55. f5 Nd3 56. h6 Nc5 57. Nb6 Kf7 58. Kf4 Kf6 59. Nd5+ Kf7 60. Kg5 Ne4+ 61. Kg4 Nd6 62. Ne3 Kf6 63. Kf4 Nb5 64. Nc4 Nc7 65. Ke4 Nb5 66. Kd5 Nc3+ 67. Kc6 Ne4 68. Ne3 Nd2 69. Kb5 Ne4 70. Kxa4 Nd6 71. Ka5 Nf7 72. Kb6 Nxh6 73. a4 Nf7 74. a5 Nd6 75. a6 Nc8+ 76. Kc7 Na7 77. Kb7 Nb5 78. a7 Nxa7 1-0

[Event "Prague Menchik Memorial Rapid"]
[Site "Prague"]
[Date "2021.09.28"]
[Round "2"]
[White "Petras, Milan"]
[Black "Bouska, Jiri"]
[Result "1/2-1/2"]
[WhiteElo "1889"]
[BlackElo "2025"]
[PlyCount "190"]
[EventDate "2021.09.28"]
[EventType "swiss (rapid)"]
[EventRounds "9"]
[EventCountry "CZE"]
[SourceTitle "CBM 204 Extra"]
[Source "ChessBase"]
[SourceDate "2021.11.30"]
[SourceVersion "1"]
[SourceVersionDate "2021.11.30"]
[SourceQuality "1"]

1. e4 c5 2. c3 d5 3. exd5 Qxd5 4. d4 e6 5. Nf3 Nc6 6. Na3 cxd4 7. Nb5 Qd8 8. Nbxd4 Nxd4 9. Qxd4 Qxd4 10. Nxd4 Bd7 11. Nb5 0-0-0 12. Nxa7+ Kb8 13. Nb5 e5 14. Bg5 f6 15. Be3 Bc6 16. Rd1 Rxd1+ 17. Kxd1 Ne7 18. f3 Nd5 19. Bf2 Nf4 20. Na7 Bd5 21. c4 Bf7 22. g3 Ne6 23. Nb5 Bb4 24. Bd3 Rd8 25. Kc2 Bc5 26. Rf1 Bxf2 27. Rxf2 Nc5 28. Bf1 Bg6+ 29. Kc3 Rd1 30. Kb4 b6 31. Ka3 e4 32. fxe4 Nxe4 33. Rf4 Nd2 34. Bg2 Nb1+ 35. Kb4 Rd2 36. Be4 Rxb2+ 37. Ka4 Bxe4 38. Rxe4 Rxa2+ 39. Kb3 Nd2+ 40. Kxa2 Nxe4 41. Kb3 Kb7 42. Kc2 Kc6 43. Kd3 Nd6 44. Nd4+ Kd7 45. Nc2 Nf5 46. Nb4 Kd6 47. Ke4 Ne7 48. Nd3 Nc6 49. h3 Ne5 50. Nf4 Nxc4 51. Nh5 b5 52. Nxg7 Kc5 53. Kd3 Ne5+ 54. Kc3 Kd5 55. Nf5 Nf3 56. h4 Ke5 57. Ne7 f5 58. Kd3 b4 59. Nc6+ Kf6 60. Nxb4 Ne5+ 61. Ke3 Ng4+ 62. Kf4 Nf2 63. Nd5+ Ke6 64. Ne3 Nd3+ 65. Kg5 Nc5 66. Nxf5 Ne4+ 67. Kf4 Nf6 68. Nd4+ Kf7 69. Kf5 Ng8 70. g4 Ne7+ 71. Kg5 Kg8 72. Kf6 Nd5+ 73. Ke6 Nf4+ 74. Kf5 Ng6 75. h5 Nf8 76. Nf3 h6 77. Kf6 Kh7 78. Ne5 Kg8 79. Nf7 Nd7+ 80. Ke6 Nc5+ 81. Ke7 Kg7 82. Nd6 Ne4 83. Nf5+ Kh7 84. Kf7 Nf2 85. Ne3 Ne4 86. Ke6 Nf2 87. Kf5 Nd3 88. Nd5 Nc5 89. Nf6+ Kg7 90. Ne8+ Kh7 91. g5 hxg5 92. Kxg5 Ne4+ 93. Kf4 Nc5 94. Nd6 Ne6+ 95. Kf5 Ng7+ 1/2-1/2

[Event "Prague Menchik Memorial Rapid"]
[Site "Prague"]
[Date "2021.09.28"]
[Round "7"]
[White "Petras, Milan"]
[Black "Dolezal, Oldrich"]
[Result "0-1"]
[WhiteElo "1889"]
[BlackElo "1740"]
[PlyCount "124"]
[EventDate "2021.09.28"]
[EventType "swiss (rapid)"]
[EventRounds "9"]
[EventCountry "CZE"]
[SourceTitle "CBM 204 Extra"]
[Source "ChessBase"]
[SourceDate "2021.11.30"]
[SourceVersion "1"]
[SourceVersionDate "2021.11.30"]
[SourceQuality "1"]

1. Nc3 Nc6 2. d4 d5 3. e4 dxe4 4. d5 Ne5 5. Bf4 Ng6 6. Bg3 f5 7. Qd2 e5 8. h4 Bd6 9. h5 Nf4 10. f3 Qg5 11. Bxf4 exf4 12. 0-0-0 e3 13. Qd4 a6 14. Nce2 Nf6 15. Nh3 Qh6 16. Nhxf4 0-0 17. Qxe3 Re8 18. Qd2 Bc5 19. Nd4 c6 20. Nfe6 Qxd2+ 21. Rxd2 Bxd4 22. Rxd4 Nxd5 23. Nf4 Nxf4 24. Rxf4 b5 25. Bd3 g6 26. hxg6 hxg6 27. Rh6 Kg7 28. Rfh4 Be6 29. Rh7+ Kf6 30. Rc7 Rec8 31. Rxc8 Rxc8 32. f4 c5 33. c3 Bxa2 34. Rh7 Rd8 35. Bc2 Bf7 36. g3 a5 37. Rh2 c4 38. Re2 Rd5 39. Kb1 b4 40. Ba4 b3 41. Re1 Rd3 42. Rg1 g5 43. fxg5+ Kxg5 44. Bc6 Kg4 45. Bb5 Rxg3 46. Rd1 f4 47. Bd7+ Kf3 48. Kc1 Bg6 49. Be6 Bd3 50. Bd5+ Ke3 51. Re1+ Kf2 52. Kd2 Re3 53. Rh1 Re2+ 54. Kd1 Bc2+ 55. Kc1 Re1+ 56. Rxe1 Kxe1 57. Bf3 Kf2 58. Be2 Bd3 59. Bd1 Ke3 60. Bg4 f3 61. Kd1 Be2+ 62. Ke1 f2# 0-1

[Event "Prague Menchik Memorial Rapid"]
[Site "Prague"]
[Date "2021.09.28"]
[Round "4"]
[White "Petras, Milan"]
[Black "Kraus, Petr1111"]
[Result "1/2-1/2"]
[WhiteElo "1889"]
[BlackElo "1172"]
[PlyCount "95"]
[EventDate "2021.09.28"]
[EventType "swiss (rapid)"]
[EventRounds "9"]
[EventCountry "CZE"]
[SourceTitle "CBM 204 Extra"]
[Source "ChessBase"]
[SourceDate "2021.11.30"]
[SourceVersion "1"]
[SourceVersionDate "2021.11.30"]
[SourceQuality "1"]

1. Nc3 d5 2. e4 d4 3. Nce2 e5 4. Ng3 Nc6 5. Bb5 Bd7 6. d3 h6 7. f4 Bd6 8. Bxc6 Bxc6 9. f5 Nf6 10. Bd2 Qe7 11. Nh5 Rg8 12. Nxf6+ gxf6 13. g3 Rh8 14. Nf3 0-0-0 15. Qe2 Rdg8 16. 0-0-0 b6 17. Kb1 Bb7 18. Rhg1 Qd7 19. Bc1 a5 20. g4 Qb5 21. Ka1 c5 22. Nd2 Kb8 23. Nc4 Bc7 24. h4 Qc6 25. g5 hxg5 26. hxg5 b5 27. Na3 Bd8 28. g6 fxg6 29. Rxg6 Ba6 30. Rdg1 Rf8 31. R1g3 b4 32. Nc4 Bxc4 33. dxc4 a4 34. Qg2 Be7 35. Rg8 Rhxg8 36. Rxg8 Kb7 37. Rg7 Qd6 38. Rg8 Ra8 39. Rxa8 Kxa8 40. Qg8+ Kb7 41. Qe8 Kb6 42. Qxa4 d3 43. Qb5+ Kc7 44. Qa5+ Kb7 45. Qb5+ Kc7 46. cxd3 Qxd3 47. Qa5+ Kb7 48. Qb5+ 1/2-1/2

[Event "CZE-ch Betsys Online Blitz"]
[Site "Chess.com INT"]
[Date "2021.04.17"]
[Round "3"]
[White "Zilka, Stepan"]
[Black "Petras, Milan"]
[Result "1-0"]
[WhiteElo "2573"]
[BlackElo "1976"]
[PlyCount "75"]
[EventDate "2021.04.17"]
[EventType "swiss (blitz)"]
[EventRounds "13"]
[EventCountry "CZE"]
[SourceTitle "CBM 201 Extra"]
[Source "ChessBase"]
[SourceDate "2021.05.31"]
[SourceVersion "1"]
[SourceVersionDate "2021.05.31"]
[SourceQuality "1"]

1. e4 e6 2. d4 d5 3. Nd2 Nf6 4. e5 Nfd7 5. f4 c5 6. c3 Nc6 7. Ndf3 f6 8. Bd3 cxd4 9. cxd4 fxe5 10. dxe5 Nc5 11. Bb1 Be7 12. Nh3 Qa5+ 13. Bd2 Qb6 14. 0-0 Nb3+ 15. Kh1 Nxa1 16. Nfg5 Qxb2 17. Qh5+ g6 18. Bxg6+ Kd7 19. Be3 Kc7 20. Bf7 d4 21. Bg1 Qxa2 22. f5 Bd7 23. Nxe6+ Bxe6 24. Bxe6 Qa5 25. f6 Bb4 26. Qf7+ Kb6 27. Bd7 a6 28. Bxc6 bxc6 29. Bxd4+ Kb5 30. e6 Rhf8 31. Qh5+ Kc4 32. Qh4 Kb5 33. Rxa1 Qc7 34. Qg5+ c5 35. Be5 Qc6 36. e7 Rg8 37. f7 Rxg5 38. Nxg5 1-0

[Event "Ricany op"]
[Site "Ricany"]
[Date "2020.08.28"]
[Round "8"]
[White "Petras, Milan"]
[Black "Ocelak, Jakub"]
[Result "1/2-1/2"]
[WhiteElo "1996"]
[BlackElo "1949"]
[PlyCount "24"]
[EventDate "2020.08.22"]
[EventType "swiss"]
[EventRounds "9"]
[EventCountry "CZE"]
[SourceTitle "CBM 198 Extra"]
[Source "ChessBase"]
[SourceDate "2020.11.30"]
[SourceVersion "1"]
[SourceVersionDate "2020.11.30"]
[SourceQuality "1"]

1. Nf3 d5 2. g3 e6 3. Bg2 f5 4. 0-0 Nf6 5. d3 Bd6 6. Nc3 0-0 7. e4 dxe4 8. dxe4 Nc6 9. Qe2 e5 10. exf5 Bxf5 11. Ng5 Nd4 12. Qc4+ Kh8 1/2-1/2

[Event "Ricany op"]
[Site "Ricany"]
[Date "2020.08.22"]
[Round "1"]
[White "Kalvach, Ladislav"]
[Black "Petras, Milan"]
[Result "1/2-1/2"]
[WhiteElo "1761"]
[BlackElo "1996"]
[PlyCount "24"]
[EventDate "2020.08.22"]
[EventType "swiss"]
[EventRounds "9"]
[EventCountry "CZE"]
[SourceTitle "CBM 198 Extra"]
[Source "ChessBase"]
[SourceDate "2020.11.30"]
[SourceVersion "1"]
[SourceVersionDate "2020.11.30"]
[SourceQuality "1"]

1. c4 g6 2. Nc3 Bg7 3. g3 d6 4. Bg2 c5 5. e3 Nc6 6. Nge2 e5 7. 0-0 Be6 8. Nd5 Qd7 9. a3 Kf8 10. f4 h5 11. fxe5 dxe5 12. d4 h4 1/2-1/2